书目信息 |
| 题名: |
许国璋英语 第二册
|
|
| 作者: | 许国璋 主编 | |
| 分册: | ||
| 出版信息: | 北京 外语教学与研究出版社 1992.09 |
|
| 页数: | 418页 | |
| 开本: | 32开 | |
| 丛书名: | ||
| 单 册: | ||
| 中图分类: | ||
| 科图分类: | ||
| 主题词: | 英语 | |
| 电子资源: | ||
| ISBN: | 7-5600-0666-3 | |
| 000 | 00570nam0 2200205 45 | |
| 001 | 9912081037 | |
| 005 | 19991208100935.9 | |
| 010 | @a7-5600-0666-3@d15.90元 | |
| 100 | @a19991208d1992 km y0chiy0120 ea | |
| 101 | @achi | |
| 105 | @a z 000yy | |
| 200 | 1 | @a许国璋英语 第二册@AXu Guo Zhang Ying Yu Di Er Ce@f许国璋主编@FXu Guo Zhang Zhu Bian |
| 210 | @a北京@c外语教学与研究出版社@d1992.09 | |
| 215 | @a418页@d32开 | |
| 606 | 0 | @a英语 |
| 690 | @v3 | |
| 690 | @aH31 | |
| 701 | @a许国璋@4主编 | |
| 801 | @aCN@bPFTUser@c19991208 | |
| 905 | @f3@b46300-302@dH31@eX965:2-1 | |
| 许国璋英语 第二册/许国璋主编.-北京:外语教学与研究出版社,1992.09 |
| 418页;32开 |
| ISBN 7-5600-0666-3:15.90元 |
| ● |
| 相关链接 |
|
|
|
正题名:许国璋英语第二册
索取号:H31/X965:2-1
 
预约/预借
| 序号 | 登录号 | 条形码 | 馆藏地/架位号 | 状态 | 备注 |
| 1 | 46300 | 200463006 | 语言库209/209语言库 88排4列5层/ [索取号:H31/X965:2-1] | 在馆 | |
| 2 | 46301 | 200463015 | 语言库209/209语言库 88排4列5层/ [索取号:H31/X965:2-1] | 在馆 | |
| 3 | 46302 | 200463024 | 语言库209/504自科库 46排3列5层/ [索取号:H31/X965:2-1] | 在馆 |